Govt. of
Madhya Pradesh

Rabindranath Tagore (Record no. 13726)

MARC details
000 -LEADER
fixed length control field 005240000a22001930004500
001 - CONTROL NUMBER
control field 001810
003 - CONTROL NUMBER IDENTIFIER
control field MACL
005 - DATE AND TIME OF LATEST TRANSACTION
control field 20150915144854.0
008 - FIXED-LENGTH DATA ELEMENTS--GENERAL INFORMATION
fixed length control field 150915b xxu||||| |||| 00| 0 eng d
040 ## - CATALOGING SOURCE
Original cataloging agency MACL
Transcribing agency MACL
041 ## - LANGUAGE CODE
Language code of text/sound track or separate title English
082 ## - DEWEY DECIMAL CLASSIFICATION NUMBER
Classification number 823/MUK
100 ## - MAIN ENTRY--PERSONAL NAME
Personal name Mukherji, Joyasee
9 (RLIN) 11206
245 ## - TITLE STATEMENT
Title Rabindranath Tagore
Remainder of title The Skeleton And OtherTales Of The Supernatura
Statement of responsibility, etc. Joyasee Mukherji
260 ## - PUBLICATION, DISTRIBUTION, ETC. (IMPRINT)
Place of publication, distribution, etc. Kolkata
Date of publication, distribution, etc. 2005
Name of publisher, distributor, etc. Purple Peacock Books,
350 ## - PRICE (NR) (BK AM CF MU VM SE) [OBSOLETE]
Price 195
650 ## - SUBJECT ADDED ENTRY--TOPICAL TERM
Topical term or geographic name as entry element Fiction
9 (RLIN) 11208
942 ## - ADDED ENTRY ELEMENTS (KOHA)
Call number prefix 823
Koha item type Books
Source of classification or shelving scheme
Holdings
Withdrawn status Lost status Source of classification or shelving scheme Damaged status Not for loan Home library Current library Date acquired Cost, normal purchase price Total Checkouts Total Renewals Full call number Barcode Date last seen Date last checked out Uniform Resource Identifier Price effective from Koha item type
          MACL MACL 15/04/2015 195.00 2 1 823/MUK CRE019365 02/05/2024 03/10/2019 13605 15/04/2015 Books